| 000 | 00557nmm a2200169Ia 4500 | ||
|---|---|---|---|
| 008 | 251105s9999||||xx |||||||||||||||||und|| | ||
| 020 | _a9788476588161 | ||
| 041 | _aspa | ||
| 100 | _aHammoudi, Abdellah | ||
| 245 | 0 | _aMaestro y discípulo: fundamentos culturales del autoritarismo en las sociedades árabes | |
| 264 |
_a[Madrid, España] : _bAnthropos, _c2007 |
||
| 300 | _a276 páginas | ||
| 490 | _aPensamiento crítico / Pensamiento utópico | ||
| 650 | _aCultural Studies | ||
| 856 | _uhttps://public.digitaliapublishing.com/a/66539 | ||
| 942 | _cCF | ||
| 999 |
_c85158 _d85158 |
||